| 000 | 00671nam a2200205Ia 4500 | ||
|---|---|---|---|
| 003 | GCL | ||
| 008 | 140319s9999 xx 000 0 ara d | ||
| 040 |
_aGCL / _cGCL |
||
| 082 | 0 | 4 |
_a150.195 _bف ا |
| 100 | 1 | _aفيصل عباس | |
| 245 | 1 | 0 |
_aاضواء على المعالجة النفسية : _bبين النظرية والتطبيق / _cفيصل عباس |
| 260 |
_aبيروت : _bدار الفكر اللبنانى ، _c1994 |
||
| 300 |
_a279 ص ؛ _c24 سم |
||
| 490 | _a | ||
| 650 | 0 | 4 | _aالتحليل النفسى |
| 650 | 0 | 4 | _aالعلاج النفسى |
| 650 | 0 | 4 | _aالطب النفسى |
| 650 | 0 | 4 | _aالامراض العقلية |
| 942 |
_2ddc _cBK |
||
| 999 |
_c37403 _d37403 |
||